| 000 | 00917nem a2200253 u 4500 | ||
|---|---|---|---|
| 005 | 20200104041743.0 | ||
| 008 | 160506b2002 c ||||| |a|| 00| 0 spa d | ||
| 040 |
_aCO-BoIAVH _cCO-BoIAVH |
||
| 041 | _aspa | ||
| 044 | _ack | ||
| 090 |
_aMC- _b0166 |
||
| 110 | 2 |
_aInstituto de Investigación de recursos biológicos Alexander Von Humboldt. _9204 |
|
| 245 | 1 |
_aCobertura vegetal de la Microcuenca de China _bProyecto mecanismo de manejo colectivo de los bienes y servicios de la Microcuenca de Chaina- Villa de Leyva _cUnidad de sistemas de información Geográfica UNISIG _h[Material Cartografico] |
|
| 255 | _a1:5.000 | ||
| 260 |
_aBogotá _bIAvH _c2002 |
||
| 300 |
_a1 mapa _bcolor _c91 x 70 cm |
||
| 650 | 1 | 6 |
_aHidrografía _95361 |
| 650 | 1 | 6 |
_aCarreteras _967735 |
| 650 | 1 | 6 |
_aInfraestructura _98899 |
| 650 | 1 | 6 |
_aBosques _967737 |
| 650 | 1 | 6 |
_aCultivos _967738 |
| 650 | 1 | 4 |
_aPastos _967739 |
| 942 |
_2z _cMapa |
||
| 999 |
_c18503 _d18503 |
||